1290 1153 1329 1847 1608 1143 1107 1450 1599 1379 1461 1614 1880 1339 1400 1318 1443 1553 1760 1916 1253 1882 1134 1290 1749 1981 1075 1493 1896 1139 1603 1987 1930 1819 1940 1056 1794 1553 1270 1662 1512 1228 1236 1543 1552 1428 1140 1201 1955 1760 1754 1085 1755 1475 1482 1044 1779 1582 1993 1148 1807 1701 1992 1016 1923 1840 1592 1224 1564 1372 1836 1040 1689 1630 1747 1227 1355 1500 1830 1293 1292 1428 1057 1232 1351 1669 1021 1802 1331 1391 1211 1631 1546 1913 1647 1128 1338 1825 1208 BCNSPRNW ULIB Ver.6.0+V

เปลี่ยนเป็นภาษาไทย

Change to English
 แสดงรายละเอียดบรรณานุกรม
  กลับหน้าหลัก

Brief Record : Get Marc (ISO 2709) : E-mail record : QR code < ปิดหน้าต่าง
LEADER : 00000nam 2200000uu 4500
001    13399114019
003     ULIB
008    120110s||||||||th 000 0 tha d
099    วจ.QZ200^bส232อ
100 0  สมเกียรติ ลลิตวงศา
245 00 อุบัติการณ์โรคมะเร็งจังหวัดแพร่ พ.ศ.2550-2552/^cสมเกียรติ ลลิตวงศา,สมคิด เอื้ออภิสิทธิ์วงศ์,ธันยภัทร พงษ์เลาหพันธุ์,วิเชียรรัตน์ จำนงวิทย์,กาญจนา ดาวประเสริฐ และ ทิพวรรณ เทียมแสน
260    ลำปาง :^bศูนย์มะเร็งลำปาง,^c2542
300    132 หน้า :^bตาราง
500    รายงานการวิจัย
650  7 โรคมะเร็ง^xแพร่^xวิจัย
700 0  สมคิด เอื้ออภิสิทธิ์วงศ์
700 0  ธันยภัทร พงษ์เลาหพันธุ์
700 0  วิเชียรรัตน์ จำนงวิทย์
700 0  กาญจนา ดาวประเสริฐ
700 0  ทิพวรรณ เทียมแสน
710    ศูนย์มะเร็งลำปาง
945    ^p0^l0^i030984
995    ทศพร
999 ^a ทศพร
รายการนี้ยังไม่มีแท็ก
คุณยังไม่ได้ล็อกอิน คุณสามารถมีกิจกรรมร่วมกับเว็บไซต์ได้ แต่ต้องล็อกอินก่อน ::
  ล็อกอิน

รายการสื่อสารสนเทศ

ลำดับที่ ประเภท เลขเรียก/บาร์โค้ด สถานที่ สถานะ
1. งานวิจัย
งานวิจัย
วจ.QZ200 ส232อ ฉ.1 
  Barcode: 030984
ห้องสมุดวิทยาเขตสวรรค์ประชารักษ์
►วิจัย
บนชั้น

BibComment


ยังไม่เคยถูกคอมเมนท์

คอมเมนท์ทรัพยากรรายการนี้
  คอมเมนท์: อุบัติการณ์โรคมะเ..


 Copyright 2026. Bcnsprnw @Library